Identidad /

La identidad nos distingue, nos hace particulares y atraviesa nuestra historia, nuestros deseos o nuestros pensamientos. Nos acompaña siempre, aunque vaya cambiando con el tiempo. Jóvenes de diferentes regiones del país comparten sus intereses, sueños y gustos; reflexionan sobre la identidad y tambi...

Descripción completa

Guardado en:
Autor Principal: Soccol, Carolina.
Autor Corporativo: Canal Encuentro.
Otros Autores: de la Serna, Rodrigo; Presentador.
Formato: Deslizar
Publicado: Argentina, 2012
Series:Conectados
Materias:
Acceso en línea:https://www.educ.ar/recursos/103017/identidad
Etiquetas: Agregar Etiqueta
Sin Etiquetas, Sea el primero en etiquetar este registro!
LEADER 01387ngm a22003375g 4500
001 CEM.cems024172
008 130507s2012##################0###0#####d
005 20250904183602.0
245 1 0 |a Identidad /  |c Carolina Soccol, Guillermina de Rosa y Paula Lorenzo. 
260 |a Argentina,  |c 2012 
300 |a 26'. 
490 0 |a Conectados 
538 |a Soporte: DVD - Grabación DRD 
520 |a La identidad nos distingue, nos hace particulares y atraviesa nuestra historia, nuestros deseos o nuestros pensamientos. Nos acompaña siempre, aunque vaya cambiando con el tiempo. Jóvenes de diferentes regiones del país comparten sus intereses, sueños y gustos; reflexionan sobre la identidad y también sobre el derecho que tenemos todos a saber quiénes somos y a elegir libremente aquello que nos identifica. 
500 |a Consultar en ventanilla. 
100 1 |a Soccol, Carolina. 
710 2 |a Canal Encuentro. 
700 1 |a de la Serna, Rodrigo; Presentador. 
082 3 0 |/ SOC-1 
653 |a CONECTAD@S 
653 |a SOCIOLOGÍA 
653 |a ADOLESCENTES 
653 |a IDENTIDAD 
653 |a DERECHOS 
653 |a GENÉTICA 
653 |a SEXUALIDAD 
653 |a COMICS 
653 |a CUMBIA 
653 |a PROGRAMA DE TELEVISIÓN 
856 |u https://www.educ.ar/recursos/103017/identidad 
859 |a CEMS  |b BIB. CEMS - Depto. Recursos Didacticos  |h 301  |i SOC-1  |k DRD  |p 2815.19  |t Ej.1